Sports Quiz

Random Sports or Soccer Quiz

100 Soccer Legends of the 90's Quiz Stats

 Plays Quiz not verified by Sporcle

Challenge
Share
Tweet
Embed
Score 0/100 Timer 12:00
1 Play Today
Nationality % Correct
FranceZinedine Zidane
95.1%
BrazilRonaldo
92.5%
WalesRyan Giggs
92.2%
LiberiaGeorge Weah
88.5%
NetherlandsDennis Bergkamp
87.2%
PortugalLuis Figo
87.1%
ArgentinaGabriel Batistuta
85.2%
ItalyPaolo Maldini
85.1%
NetherlandsMarco Van Basten
83.7%
GermanyJurgen Klinsmann
83.4%
BrazilRivaldo
83.3%
RomaniaGheorghe Hagi
82.5%
BrazilRomario
81.8%
FranceEric Cantona
81.7%
BulgariaHristo Stoichkov
81.6%
ItalyGianfranco Zola
81.4%
FranceThierry Henry
80.4%
DenmarkMichael Laudrup
79.9%
FinlandJari Litmanen
79.6%
DenmarkPeter Schmeichel
79.4%
SpainRaul Gonzalez
79.2%
CroatiaDavor Suker
78.8%
EnglandAlan Shearer
76.1%
EnglandMichael Owen
75.4%
IrelandRoy Keane
74.9%
BrazilRoberto Carlos
73.3%
Czech RepublicPavel Nedved
72.5%
ItalyAlessandro del Piero
72.5%
Trinidad& TobagoDwight Yorke
72.2%
EnglandDavid Beckham
72%
FranceDidier Deschamps
71.8%
ArgentinaDiego Maradona
70.7%
FranceLilian Thuram
69.6%
NetherlandsPatrick Kluivert
68.8%
Nationality % Correct
ItalyRoberto Baggio
68.3%
NetherlandsFrank Rijkaard
67.5%
ItalyFranco Baresi
67.1%
FranceMarcel Desailly
66.7%
NetherlandsEdgar Davids
66%
Czech RepublicKarel Poborsky
65.6%
SpainFernando Hierro
65.6%
PortugalRui Costa
65.2%
GermanyLothar Matthäus
65.1%
CameroonRoger Milla
65%
NetherlandsFrank de Boer
61.9%
FranceLaurent Blanc
60.9%
FrancePatrick Vieira
60.7%
NetherlandsMarc Overmars
59.7%
ItalyGianluca Vialli
59.2%
GermanyMatthias Sammer
58.5%
FranceFabian Barthez
58.3%
EnglandPaul Gascoigne
58.3%
ChileMarcelo Salas
55.9%
GermanyOliver Bierhoff
55.4%
TurkeyHakan Sukur
55%
ChileIvan Zamorano
53.3%
SwedenThomas Brolin
53.2%
EnglandDavid Seaman
53.1%
ItalyChristian Vieri
51.6%
ItalyAlessandro Nesta
51.1%
RomaniaDan Petrescu
50.5%
BrazilBebeto
49.9%
GermanyRudi Völler
49.6%
NetherlandsRonald Koeman
49.5%
YugoslaviaPredrag Mijatovic
49%
CroatiaZvonomir Boban
48.9%
FranceJean Pierre Papin
48.5%
ItalyFilippo Inzaghi
48%
Nationality % Correct
ArgentinaFernando Redondo
46.6%
SpainJosep Guardiola
46.5%
FranceYouri Djorkaeff
46.4%
ParaguayJose Luis Chilavert
45.1%
GermanyAndreas Möller
42.6%
GermanyAndreas Brehme
41.6%
SwitzerlandStephane Chapuisat
41.4%
EnglandSteve McManaman
41%
YugoslaviaDejan Savicevic
39.2%
ArgentinaJuan Sebastian Veron
38.2%
GermanyStefan Effenberg
37.2%
MexicoCuauhtémoc Blanco
37.1%
CroatiaRobert Prosinecki
37%
ItalyDemetrio Albertini
36.8%
BrazilDunga
36.7%
GermanyJurgen Kohler
35.2%
GermanyThomas Hässler
33.8%
CroatiaAlen Boksic
33.7%
SpainGaizka Mendieta
33.6%
SwedenMartin Dahlin
32.2%
BelgiumLuc Nilis
30.6%
ItalyAntonio Conte
30.5%
SloveniaZlatko Zahovic
29.8%
ItalyRoberto Donadoni
29.6%
BelgiumMichel Preud'homme
28.6%
FranceJocelyn Angloma
27.1%
SpainIvan Helguera
24.6%
ArgentinaClaudio Caniggia
22.7%
SpainJulio Salinas
15.7%
RussiaOleg Salenko
15%
Czech RepublicPavel Kuka
13.9%
ItalySalvatore Schillaci
13.1%

You're not logged in!

Compare scores with friends on all Sporcle quizzes.
Join for Free
OR
Log In

You Might Also Like...

Show Comments

Extras

Created Jun 25, 2012ReportNominate
Tags:Soccer Quiz, 100, legend, nationality, team

Top Quizzes Today


Score Distribution

Your Account Isn't Verified!

In order to create a playlist on Sporcle, you need to verify the email address you used during registration. Go to your Sporcle Settings to finish the process.

Report this User

Report this user for behavior that violates our Community Guidelines.

Details: